MARC details
| 000 -LÍDER |
| campo de controle de tamanho fixo |
01698nam a22002897a 4500 |
| 001 - NÚMERO DE CONTROLE |
| campo de controle |
381 |
| 003 - IDENTIFICADOR DO NÚMERO DE CONTROLE |
| campo de controle |
OSt |
| 005 - DATA E HORÁRIO DA ÚLTIMA TRANSAÇÃO |
| campo de controle |
20250404102755.0 |
| 008 - CAMPO DE DADOS FIXOS--INFORMAÇÃO GERAL |
| campo de controle de tamanho fixo |
250404b |||||||| |||| 00| 0 eng d |
| 020 ## - ISBN - INTERNATIONAL STANDARD BOOK NUMBER |
| ISBN - International Standard Book Number |
9788542207811 |
| 040 ## - FONTE DA CATALOGAÇÃO |
| Idioma da catalogação |
por |
| 082 ## - CDD - CLASSIFICAÇÃO DECIMAL DE DEWEY |
| Número de Classificação |
133.93 |
| Número do exemplar |
C284e |
| 100 0# - ENTRADA PRINCIPAL--NOME PESSOAL |
| Nome pessoal |
Carlos, Antonio |
| Títulos e outras palavras associadas ao nome |
(Espírito). |
| 9 (RLIN) |
791 |
| 245 ## - TÍTULO |
| Título |
O Escravo: |
| Restante do título |
Da África para a senzala / |
| Indicação de responsabilidade, etc. |
Carlos, Antonio (espirito) ; Psicografado por Vera Lúcia Marinzeck de Carvalho. |
| 250 ## - EDIÇÃO |
| Declaração de edição |
2 ed. |
| 260 ## - PUBLICAÇÃO, DISTRIBUIÇÃO, ETC. |
| Local de publicação, distribuição, etc. |
São Paulo |
| Nome do editor, distribuidor, etc. |
Planeta |
| Data da publicação, distribuição, etc. |
2017 |
| 300 ## - DESCRIÇÃO FÍSICA |
| Extensão |
239 p. |
| 520 ## - NOTA DE RESUMO, ETC. |
| Resumo, etc. |
Uba vivia tranquilamente numa aldeia na África com a esposa e duas filhas, quando esta foi invadida por mercenários em busca de escravos. Uba viu sua esposa ser morta e não conseguiu socorrê-la. Começou ali uma vida diferente para ele, de privações e humilhações. Sem entender, foi preso junto a outros homens e, num navio, foi levado para longe. Veio para o Brasil, foi comprado como uma mercadoria e levado para uma fazenda, para a senzala. Passou a ser chamado de João, e tudo mudou. Aos poucos, foi entendendo o que era ser escravo. Foi no cativeiro que seu espírito aprendeu muitas coisas e mudou sua relação com o trabalho. O escravo – Da África para a senzala é um livro que emociona. Vale a pena ler esta obra que, em forma de romance, conta um pouquinho sobre como era ser escravo nas terras brasileiras.<br/> |
| 650 #0 - ASSUNTO--TERMO TÓPICO |
| Cabeçalho tópico ou nome geográfico |
Literatura Brasileira |
| 9 (RLIN) |
205 |
| 650 #0 - ASSUNTO--TERMO TÓPICO |
| Cabeçalho tópico ou nome geográfico |
Psicografias |
| 9 (RLIN) |
485 |
| 650 #0 - ASSUNTO--TERMO TÓPICO |
| Cabeçalho tópico ou nome geográfico |
Escravidão |
| 9 (RLIN) |
792 |
| 650 #0 - ASSUNTO--TERMO TÓPICO |
| Cabeçalho tópico ou nome geográfico |
Reencarnação |
| 9 (RLIN) |
793 |
| 650 #0 - ASSUNTO--TERMO TÓPICO |
| Cabeçalho tópico ou nome geográfico |
Visão espírita da história |
| 9 (RLIN) |
794 |
| 655 #0 - TERMO DE ÍNDICE--GÊNERO E FORMA |
| Gênero/forma/ou termo foco |
Romance |
| 700 1# - ENTRADA ADICIONADA - NOME PESSOAL |
| Nome pessoal |
Carvalho, Vera Lúcia Marinzeck de, |
| Datas associadas ao nome |
1948- |
| Função do autor por extenso |
médium |
| 9 (RLIN) |
795 |
| 942 ## - ELEMENTOS DE ENTRADA ADICIONADOS (KOHA) |
| Fonte de classificação ou esquema de arquivamento |
Classificação decimal de Dewey |
| Tipo de material Koha |
Livros |
| Ocultar no OPAC |
Não |